Weapon: (Record no. 586466)
[ view plain ]
| 000 -LEADER | |
|---|---|
| fixed length control field | 00361nam a22001337a 4500 |
| 020 ## - INTERNATIONAL STANDARD BOOK NUMBER | |
| International Standard Book Number | 9780756665401 |
| 040 ## - CATALOGING SOURCE | |
| Transcribing agency | NUST |
| 082 ## - DEWEY DECIMAL CLASSIFICATION NUMBER | |
| Classification number | 623.4 WEA |
| 100 ## - MAIN ENTRY--PERSONAL NAME | |
| Personal name | Gahir, Sunita |
| 9 (RLIN) | 88993 |
| 245 ## - TITLE STATEMENT | |
| Title | Weapon: |
| Remainder of title | A visual history of arms and armor. |
| 260 ## - PUBLICATION, DISTRIBUTION, ETC. | |
| Place of publication, distribution, etc. | London: |
| Name of publisher, distributor, etc. | DK Publishing,Inc, |
| Date of publication, distribution, etc. | 2010. |
| 650 ## - SUBJECT ADDED ENTRY--TOPICAL TERM | |
| Topical term or geographic name entry element | Military weapons -- History. |
| 9 (RLIN) | 89397 |
| 942 ## - ADDED ENTRY ELEMENTS (KOHA) | |
| Source of classification or shelving scheme | |
| Koha item type | Book |
| Withdrawn status | Lost status | Source of classification or shelving scheme | Damaged status | Not for loan | Permanent Location | Current Location | Shelving location | Date acquired | Full call number | Barcode | Date last seen | Price effective from | Koha item type |
|---|---|---|---|---|---|---|---|---|---|---|---|---|---|
| College of Electrical & Mechanical Engineering (CEME) | College of Electrical & Mechanical Engineering (CEME) | General Stacks | 09/20/2021 | 623.4 WEA (KIDS SEC) | CEME-50571 | 09/20/2021 | 09/20/2021 | Book |
